[Event "FICGS theme 0001 email"]
[Site "FICGS email"]
[Date "2010.09.18"]
[Round "1"]
[White "Ben Younes, Djamel"]
[Black "Ponting, Andrew"]
[Result "0-1"]
[WhiteElo "1800"]
[BlackElo "1716"]
[PlyCount "24"]
[EventDate "2010.??.??"]
[EventType "swiss (corr)"]
[EventRounds "1"]
[SourceTitle "Corr 2013"]
[Source "ChessBase"]
[SourceDate "2012.11.12"]
[SourceVersion "1"]
[SourceVersionDate "2012.11.12"]
[SourceQuality "1"]

1. c4 e5 2. Nc3 Nf6 3. d3 Nc6 4. g3 d5 5. cxd5 Nxd5 6. Bg2 Be6 7. Bd2 Be7 8. Nf3 Qd7 9. 0-0 h5 10. Ng5 Bxg5 11. Bxg5 f6 12. Bd2 h4 0-1

[Event "FICGS theme 0001 email"]
[Site "FICGS email"]
[Date "2010.09.18"]
[Round "1"]
[White "Hase, Pavel"]
[Black "Ben Younes, Djamel"]
[Result "1-0"]
[WhiteElo "2196"]
[BlackElo "1800"]
[PlyCount "23"]
[EventDate "2010.??.??"]
[EventType "swiss (corr)"]
[EventRounds "1"]
[SourceTitle "Corr 2013"]
[Source "ChessBase"]
[SourceDate "2012.11.12"]
[SourceVersion "1"]
[SourceVersionDate "2012.11.12"]
[SourceQuality "1"]

1. c4 e5 2. Nc3 Nc6 3. Nf3 Nf6 4. g3 h6 5. Bg2 Bb4 6. 0-0 0-0 7. Nd5 Nxd5 8. cxd5 e4 9. Nh4 Nd4 10. d3 exd3 11. Qxd3 c5 12. e3 1-0

[Event "LSS BI-2010-P-00016"]
[Site "LSS email"]
[Date "2010.04.19"]
[Round "?"]
[White "Ben Younes, Djamel"]
[Black "Istomin, Sergei"]
[Result "1/2-1/2"]
[WhiteElo "1872"]
[BlackElo "2090"]
[PlyCount "53"]
[EventDate "2010.04.22"]
[EventType "tourn (corr)"]
[EventRounds "10"]
[EventCountry "GER"]
[SourceTitle "Telechess CBM 147"]
[Source "ChessBase"]
[SourceDate "2012.03.16"]
[SourceVersion "1"]
[SourceVersionDate "2012.03.16"]
[SourceQuality "1"]

1. e4 c5 2. Nc3 Nc6 3. f4 g6 4. Nf3 Bg7 5. Bb5 Nd4 6. Bc4 d6 7. 0-0 e6 8. e5 Nxf3+ 9. Qxf3 d5 10. Be2 Ne7 11. Qf2 b6 12. d4 cxd4 13. Nb5 0-0 14. Nxd4 f6 15. exf6 Rxf6 16. Nf3 Rf8 17. c3 Nf5 18. Bd3 Qd6 19. Bd2 Bb7 20. Rfe1 Rae8 21. Rad1 d4 22. Bxf5 Bxf3 23. Bxg6 Bxd1 24. Bxe8 Rxe8 25. Rxd1 dxc3 26. bxc3 Rd8 27. Qe3 1/2-1/2

[Event "LSS BI-2010-P-00016"]
[Site "LSS email"]
[Date "2010.04.19"]
[Round "?"]
[White "Ben Younes, Djamel"]
[Black "Maidana Guerra, Victor Ramon"]
[Result "1/2-1/2"]
[WhiteElo "1872"]
[BlackElo "1934"]
[PlyCount "59"]
[EventDate "2010.04.22"]
[EventType "tourn (corr)"]
[EventRounds "10"]
[EventCountry "GER"]
[SourceTitle "Telechess CBM 147"]
[Source "ChessBase"]
[SourceDate "2012.03.16"]
[SourceVersion "1"]
[SourceVersionDate "2012.03.16"]
[SourceQuality "1"]

1. Nc3 d5 2. d4 c6 3. e4 dxe4 4. Nxe4 Nd7 5. Nf3 Ngf6 6. Nxf6+ Nxf6 7. c3 Bg4 8. h3 Bh5 9. Be2 e6 10. Ne5 Bxe2 11. Qxe2 Bd6 12. 0-0 Nd7 13. Nc4 Bc7 14. Re1 0-0 15. b3 Re8 16. Ba3 Nf6 17. Ne5 a5 18. Qf3 a4 19. Bc5 Ra5 20. Rad1 axb3 21. axb3 Qd5 22. Qg3 Bxe5 23. dxe5 Ne4 24. Qf3 Qxc5 25. Rxe4 Qe7 26. c4 Rd8 27. Rxd8+ Qxd8 28. Qc3 c5 29. Re3 Qc7 30. Rd3 1/2-1/2

[Event "LSS BI-2010-P-00016"]
[Site "LSS email"]
[Date "2010.04.19"]
[Round "?"]
[White "Ben Younes, Djamel"]
[Black "Yarmolyuk, Yury"]
[Result "0-1"]
[WhiteElo "1872"]
[BlackElo "2152"]
[PlyCount "126"]
[EventDate "2010.04.22"]
[EventType "tourn (corr)"]
[EventRounds "10"]
[EventCountry "GER"]
[SourceTitle "Telechess CBM 141"]
[Source "ChessBase"]
[SourceDate "2011.03.17"]
[SourceVersion "1"]
[SourceVersionDate "2011.03.17"]
[SourceQuality "1"]

1. Nc3 c5 2. e4 Nc6 3. g3 g6 4. Bg2 Bg7 5. Nf3 Nf6 6. 0-0 0-0 7. Re1 d6 8. e5 Ne8 9. exd6 Nxd6 10. d3 Bg4 11. h3 Bd7 12. Bf4 Rc8 13. Ne5 Nf5 14. Nxd7 Qxd7 15. Ne4 b6 16. c3 h6 17. Bf1 Rfd8 18. g4 e5 19. Bh2 Nfe7 20. Qf3 f5 21. gxf5 Nxf5 22. Nd2 Kh7 23. Qg4 Qe7 24. Rad1 Rc7 25. a4 Qf6 26. Nf3 Re7 27. Bg2 Rde8 28. Rd2 Nd8 29. Rde2 Nf7 30. a5 bxa5 31. h4 h5 32. Qc4 Qb6 33. Ng5+ Nxg5 34. hxg5 Nd6 35. Qa4 Nf7 36. Qh4 Nd6 37. Bd5 Rf8 38. Kh1 Qd8 39. Qh3 Nf5 40. Be4 Rd7 41. f4 exf4 42. Bxf4 Rdf7 43. Ra1 Qb6 44. Bh2 a6 45. Qg2 a4 46. Bd5 Re7 47. Rxe7 Nxe7 48. Be4 Nf5 49. Rxa4 Ne3 50. Qh3 Rf1+ 51. Bg1 Nf5 52. b4 Be5 53. Bxf5 Rxf5 54. bxc5 Qb3 55. Re4 Rxg5 56. Bf2 Qxc3 57. Qe3 Qa1+ 58. Qe1 Qb2 59. c6 Bd6 60. Qe3 Qa1+ 61. Be1 Qf6 62. Qf2 Rf5 63. Qe2 Rf4 0-1

[Event "LSS BI-2010-P-00016"]
[Site "LSS email"]
[Date "2010.04.19"]
[Round "?"]
[White "Cesbron, Guy"]
[Black "Ben Younes, Djamel"]
[Result "1/2-1/2"]
[WhiteElo "2039"]
[BlackElo "1901"]
[PlyCount "44"]
[EventDate "2010.04.22"]
[EventType "tourn (corr)"]
[EventRounds "10"]
[EventCountry "GER"]
[SourceTitle "Telechess CBM 141"]
[Source "ChessBase"]
[SourceDate "2011.03.17"]
[SourceVersion "1"]
[SourceVersionDate "2011.03.17"]
[SourceQuality "1"]

1. e4 d5 2. exd5 Qxd5 3. Nc3 Qd6 4. d4 Nf6 5. Nf3 g6 6. Bc4 Bg7 7. 0-0 a6 8. g3 0-0 9. Bf4 Qb6 10. Ne5 Nc6 11. Nxc6 Qxc6 12. Be2 Bh3 13. Bf3 Qb6 14. Re1 Rad8 15. Rxe7 Rxd4 16. Qe1 Qxb2 17. Rxc7 Rd7 18. Rb1 Qxc2 19. Rcxb7 Rxb7 20. Rxb7 Ng4 21. Nd1 Qxa2 22. Bd6 Rc8 1/2-1/2

[Event "LSS RB-2010-0-00082"]
[Site "LSS email"]
[Date "2010.04.08"]
[Round "?"]
[White "Quaranta, Cristiano"]
[Black "Ben Younes, Djamel"]
[Result "1-0"]
[WhiteElo "1734"]
[BlackElo "1872"]
[PlyCount "57"]
[EventDate "2010.02.15"]
[EventType "tourn (corr)"]
[EventRounds "6"]
[EventCountry "GER"]
[SourceTitle "Telechess CBM 147"]
[Source "ChessBase"]
[SourceDate "2012.03.16"]
[SourceVersion "1"]
[SourceVersionDate "2012.03.16"]
[SourceQuality "1"]

1. d4 c5 2. d5 e5 3. e4 d6 4. Bb5+ Nd7 5. a4 Ngf6 6. Nc3 a6 7. Bd3 Qc7 8. Nf3 Be7 9. 0-0 Nf8 10. Nd2 Bd7 11. Nc4 Rd8 12. a5 Ng6 13. Rb1 0-0 14. b4 cxb4 15. Rxb4 Bb5 16. Nxb5 axb5 17. Rxb5 Nxe4 18. Bxe4 Qxc4 19. Qd3 Qxd3 20. Bxd3 Rd7 21. Bd2 Ra8 22. Rfb1 Ra7 23. Be3 Ra8 24. g3 Bf8 25. c4 Ne7 26. Rxb7 Rxb7 27. Rxb7 Rxa5 28. c5 Nxd5 29. c6 1-0

[Event "LSS No Engine Cup 16 Preliminary 6"]
[Site "LSS email"]
[Date "2010.02.07"]
[Round "?"]
[White "Raines, David T"]
[Black "Ben Younes, Djamel"]
[Result "0-1"]
[WhiteElo "1130"]
[BlackElo "1897"]
[PlyCount "72"]
[EventDate "2010.02.08"]
[EventType "tourn (corr)"]
[EventRounds "6"]
[EventCountry "GER"]
[SourceTitle "Corr 2013"]
[Source "ChessBase"]
[SourceDate "2012.11.12"]
[SourceVersion "1"]
[SourceVersionDate "2012.11.12"]
[SourceQuality "1"]

1. Nf3 c5 2. g3 Nc6 3. Bg2 d5 4. c4 d4 5. d3 g6 6. Na3 Nf6 7. Nc2 Bd7 8. 0-0 Bg7 9. a3 Ng4 10. Rb1 Qc7 11. b4 b6 12. h3 Nh6 13. Bg5 Rd8 14. Qc1 Nf5 15. g4 Nd6 16. Bh6 Bxh6 17. Qxh6 f6 18. b5 Nf7 19. Qc1 Nce5 20. Rd1 g5 21. Nce1 Ng6 22. e3 e5 23. Ra1 h5 24. Nh2 hxg4 25. Nxg4 Ke7 26. Qd2 Nh6 27. Qe2 f5 28. Nh2 Kf6 29. Qf3 Nh4 30. Qb7 Qxb7 31. Bxb7 dxe3 32. fxe3 f4 33. exf4 gxf4 34. Bg2 Nxg2 35. Nxg2 Bxh3 36. Nh4 Rdg8+ 0-1

[Event "LSS SB-2010-0-00080"]
[Site "LSS email"]
[Date "2010.01.24"]
[Round "?"]
[White "Hintze, Emanuel"]
[Black "Ben Younes, Djamel"]
[Result "1/2-1/2"]
[WhiteElo "2023"]
[BlackElo "1903"]
[PlyCount "145"]
[EventDate "2010.01.07"]
[EventType "tourn (corr)"]
[EventRounds "6"]
[EventCountry "GER"]
[SourceTitle "Telechess CBM 141"]
[Source "ChessBase"]
[SourceDate "2011.03.17"]
[SourceVersion "1"]
[SourceVersionDate "2011.03.17"]
[SourceQuality "1"]

1. e4 c5 2. Nf3 e6 3. d4 cxd4 4. Nxd4 a6 5. Bd3 Nc6 6. Nxc6 bxc6 7. 0-0 d5 8. c4 Nf6 9. cxd5 cxd5 10. exd5 Nxd5 11. Be4 Rb8 12. Bxd5 exd5 13. Nc3 Be6 14. Qa4+ Qd7 15. Qxd7+ Kxd7 16. Rd1 Kc6 17. Na4 Bd6 18. Be3 Rhc8 19. Rac1+ Kb7 20. Nc5+ Bxc5 21. Bxc5 Rc6 22. Rd3 a5 23. Rb3+ Ka8 24. Rxb8+ Kxb8 25. Kf1 Kb7 26. Ke2 Ka6 27. Rc3 Kb5 28. Bd4 Rxc3 29. Bxc3 g6 30. a3 a4 31. Kd3 Kc5 32. Bd4+ Kc6 33. Kc3 Kb5 34. b4 axb3 35. Kxb3 Kc6 36. a4 Bc8 37. Bf6 Ba6 38. Kc3 Be2 39. Kb4 h5 40. g3 Ba6 41. a5 Bb5 42. Kc3 Be2 43. Kd4 Kd6 44. Bd8 Bc4 45. Bb6 Ba6 46. f3 Be2 47. Ke3 Bc4 48. Ba7 Kc6 49. Kd4 Ba6 50. Bb6 Bc4 51. Ke5 Kb5 52. f4 Kb4 53. Kd4 Kb5 54. Bc7 Kc6 55. Bd8 Bb5 56. Be7 Bf1 57. Bb4 Bc4 58. Bd2 Be2 59. Ke5 Bg4 60. Be3 Be6 61. a6 Kc7 62. Bc5 Kc6 63. Bd4 Kc7 64. a7 Kb7 65. Kd6 Ka8 66. Kc6 Bg4 67. Kxd5 Bf3+ 68. Kd6 Kb7 69. Ke7 Bd5 70. Bg1 Ka8 71. Kd6 Bf3 72. Kc7 Bd5 73. Bd4 1/2-1/2

[Event "LSS SB-2010-0-00080"]
[Site "LSS email"]
[Date "2010.01.24"]
[Round "?"]
[White "Trani, Francesco"]
[Black "Ben Younes, Djamel"]
[Result "1-0"]
[WhiteElo "1832"]
[BlackElo "1871"]
[PlyCount "73"]
[EventDate "2010.01.07"]
[EventType "tourn (corr)"]
[EventRounds "6"]
[EventCountry "GER"]
[SourceTitle "Telechess CBM 141"]
[Source "ChessBase"]
[SourceDate "2011.03.17"]
[SourceVersion "1"]
[SourceVersionDate "2011.03.17"]
[SourceQuality "1"]

1. Nf3 Nf6 2. b3 c5 3. Bb2 e6 4. g3 d5 5. Bg2 Nc6 6. 0-0 Be7 7. d3 0-0 8. Nbd2 Qc7 9. e4 d4 10. c3 dxc3 11. Bxc3 Rd8 12. Qc2 Qd7 13. Rfe1 Qxd3 14. Qc1 Qd7 15. Nc4 b5 16. Na5 Bb7 17. a4 b4 18. Ne5 Nxe5 19. Bxe5 Ng4 20. Nxb7 Qxb7 21. Bb2 Qc7 22. e5 Rac8 23. Qf4 Nh6 24. Qc4 Rd2 25. Rab1 Nf5 26. Kf1 Nd4 27. Be4 Nc6 28. Bc1 Nxe5 29. Bxh7+ Kxh7 30. Qe4+ f5 31. Qxe5 Qxe5 32. Rxe5 Rd1+ 33. Ke2 Rh1 34. Rxe6 Bg5 35. f4 Bf6 36. Kd3 c4+ 37. bxc4 1-0

[Event "LSS RB-2009-0-00074"]
[Site "LSS email"]
[Date "2010.01.07"]
[Round "?"]
[White "Ben Younes, Djamel"]
[Black "Soreghy, Janos"]
[Result "1/2-1/2"]
[WhiteElo "1889"]
[BlackElo "1898"]
[PlyCount "71"]
[EventDate "2009.11.21"]
[EventType "tourn (corr)"]
[EventRounds "6"]
[EventCountry "GER"]
[SourceTitle "Corr 2013"]
[Source "ChessBase"]
[SourceDate "2012.11.12"]
[SourceVersion "1"]
[SourceVersionDate "2012.11.12"]
[SourceQuality "1"]

1. e4 c5 2. Nf3 d6 3. d4 cxd4 4. Nxd4 Nf6 5. Nc3 a6 6. Be2 e5 7. Nb3 Be7 8. 0-0 0-0 9. Be3 Be6 10. Nd5 Nbd7 11. Qd3 Bxd5 12. exd5 Qc7 13. c4 Rfe8 14. Nd2 a5 15. Rae1 Nc5 16. Qc2 g6 17. Nb1 b5 18. cxb5 Nxd5 19. Bf3 Nxe3 20. fxe3 Rab8 21. Bc6 Rec8 22. Qc4 Ne6 23. Nc3 Qa7 24. Rf3 Ng5 25. Rf2 Kg7 26. h4 Ne6 27. g3 Rf8 28. Kg2 Nc7 29. e4 Ne6 30. Ref1 Bd8 31. Bd5 Bb6 32. Rf6 Nf4+ 33. gxf4 Kxf6 34. fxe5+ Kg7 35. exd6 Rbd8 36. e5 1/2-1/2

[Event "LSS CP-2009-P-00024"]
[Site "LSS email"]
[Date "2009.09.27"]
[Round "?"]
[White "Ben Younes, Djamel"]
[Black "Kharitonov, Aleksandr Alekseevi"]
[Result "1/2-1/2"]
[WhiteElo "1868"]
[BlackElo "2238"]
[PlyCount "41"]
[EventDate "2009.10.01"]
[EventType "tourn (corr)"]
[EventRounds "6"]
[EventCountry "GER"]
[SourceTitle "Telechess CBM 137"]
[Source "ChessBase"]
[SourceDate "2010.07.15"]
[SourceVersion "1"]
[SourceVersionDate "2010.07.15"]
[SourceQuality "1"]

1. e4 c5 2. Nc3 Nc6 3. Nf3 d6 4. d4 cxd4 5. Nxd4 Nf6 6. Bc4 e6 7. Be3 a6 8. Nxc6 bxc6 9. 0-0 d5 10. Be2 Bd6 11. Qd3 a5 12. f4 Ba6 13. Qd2 Bxe2 14. Qxe2 Bb4 15. exd5 Bxc3 16. bxc3 cxd5 17. Bd4 0-0 18. Qe5 Qb8 19. Qg5 h6 20. Qg3 Kh7 21. Rab1 1/2-1/2

[Event "LSS RB-2009-0-00057"]
[Site "LSS email"]
[Date "2009.07.20"]
[Round "?"]
[White "Ponting, Andrew"]
[Black "Ben Younes, Djamel"]
[Result "1/2-1/2"]
[WhiteElo "1937"]
[BlackElo "1768"]
[PlyCount "45"]
[EventDate "2009.06.15"]
[EventType "tourn (corr)"]
[EventRounds "6"]
[EventCountry "GER"]
[SourceTitle "Corr 2011"]
[Source "ChessBase"]
[SourceDate "2010.08.31"]
[SourceVersion "1"]
[SourceVersionDate "2010.08.31"]
[SourceQuality "1"]

1. d4 c5 2. d5 Nf6 3. c4 b5 4. cxb5 a6 5. bxa6 g6 6. Nc3 Bxa6 7. g3 d6 8. Bg2 Bg7 9. Nf3 0-0 10. 0-0 Nbd7 11. Qc2 Qa5 12. Rb1 Nb6 13. Nd2 Nc4 14. Nxc4 Bxc4 15. b3 Ba6 16. Bd2 Qc7 17. Rfd1 Rab8 18. e4 Ng4 19. h3 Ne5 20. Be3 Qa5 21. Ne2 Rfc8 22. f4 Nd7 23. Qd2 1/2-1/2

[Event "LSS No Engine Cup Gr03 prel 05 email"]
[Site "LSS email"]
[Date "2009.07.16"]
[Round "?"]
[White "Molina, Vicente Andres"]
[Black "Ben Younes, Djamel"]
[Result "0-1"]
[WhiteElo "782"]
[BlackElo "1869"]
[PlyCount "82"]
[EventDate "2009.07.17"]
[EventType "tourn (corr)"]
[EventRounds "6"]
[EventCountry "GER"]
[SourceTitle "Telechess CBM 137"]
[Source "ChessBase"]
[SourceDate "2010.07.15"]
[SourceVersion "1"]
[SourceVersionDate "2010.07.15"]
[SourceQuality "1"]

1. c4 Nf6 2. Nc3 c5 3. Nf3 d6 4. d4 cxd4 5. Nxd4 a6 6. g3 e5 7. Nb3 Nc6 8. Bg2 Be7 9. e4 0-0 10. 0-0 h6 11. Nd5 Bd7 12. Be3 Nxd5 13. cxd5 Nb8 14. f4 Bb5 15. Rf2 f6 16. a4 Bd7 17. Nd2 b5 18. axb5 Bxb5 19. b4 Nd7 20. Nf3 Nb6 21. Nh4 Nc4 22. Bc1 Qb6 23. Ng6 Rfe8 24. Qe1 Bd8 25. Kh1 Qd4 26. Raa2 Bb6 27. fxe5 dxe5 28. Bh3 Kf7 29. Bf5 Qd3 30. Nh4 Bxf2 31. Qxf2 Re7 32. Bg6+ Kg8 33. Bf5 Rc7 34. Be6+ Kf8 35. Ng2 Qxe4 36. Re2 Qh7 37. Nh4 Nd6 38. Rxe5 Rxc1+ 39. Kg2 Bf1+ 40. Qxf1 Rxf1 41. Kxf1 fxe5 0-1

[Event "LSS No Engine Cup Gr03 prel 05 email"]
[Site "LSS email"]
[Date "2009.07.16"]
[Round "?"]
[White "Raines, David T"]
[Black "Ben Younes, Djamel"]
[Result "1-0"]
[WhiteElo "1198"]
[BlackElo "1869"]
[PlyCount "65"]
[EventDate "2009.07.17"]
[EventType "tourn (corr)"]
[EventRounds "6"]
[EventCountry "GER"]
[SourceTitle "Telechess CBM 135"]
[Source "ChessBase"]
[SourceDate "2010.03.17"]
[SourceVersion "1"]
[SourceVersionDate "2010.03.17"]
[SourceQuality "1"]

1. Nf3 Nf6 2. d4 c5 3. c3 e6 4. g3 d5 5. Bg2 c4 6. 0-0 Nc6 7. Nbd2 Ne4 8. Nxe4 dxe4 9. Nd2 f5 10. Nxc4 Be7 11. f3 exf3 12. exf3 0-0 13. Bf4 b6 14. Re1 b5 15. Ne5 Qb6 16. Qe2 g5 17. Bd2 Bf6 18. Nxc6 Qxc6 19. f4 Qe8 20. Bxa8 g4 21. Bg2 h5 22. d5 h4 23. dxe6 h3 24. Bd5 Be7 25. Be3 Qd8 26. Rad1 Qc7 27. Bd4 a6 28. Qe5 Qxe5 29. Bxe5 a5 30. Bc6 b4 31. Bd7 Bb7 32. Bd6 Bxd6 33. Rxd6 1-0

[Event "LSS No Engine Cup 02 Preliminary 3"]
[Site "LSS email"]
[Date "2009.07.02"]
[Round "?"]
[White "Hemmer, Christian"]
[Black "Ben Younes, Djamel"]
[Result "0-1"]
[WhiteElo "1737"]
[BlackElo "1768"]
[PlyCount "22"]
[EventDate "2009.07.03"]
[EventType "tourn (corr)"]
[EventRounds "6"]
[EventCountry "GER"]
[SourceTitle "Corr 2013"]
[Source "ChessBase"]
[SourceDate "2012.11.12"]
[SourceVersion "1"]
[SourceVersionDate "2012.11.12"]
[SourceQuality "1"]

1. Nf3 Nf6 2. d4 c6 3. c4 e6 4. Nc3 Be7 5. e4 d6 6. h3 0-0 7. Bd3 Qc7 8. Bf4 Nbd7 9. 0-0 e5 10. Be3 Rd8 11. Re1 b6 0-1

[Event "LSS No Engine Cup Gr02 prel 03 email"]
[Site "LSS email"]
[Date "2009.07.02"]
[Round "?"]
[White "Slavin, Pablo"]
[Black "Ben Younes, Djamel"]
[Result "0-1"]
[WhiteElo "1217"]
[BlackElo "1768"]
[PlyCount "36"]
[EventDate "2009.07.03"]
[EventType "tourn (corr)"]
[EventRounds "6"]
[EventCountry "GER"]
[SourceTitle "Telechess CBM 135"]
[Source "ChessBase"]
[SourceDate "2010.03.17"]
[SourceVersion "1"]
[SourceVersionDate "2010.03.17"]
[SourceQuality "1"]

1. e4 c5 2. Nf3 d6 3. d4 cxd4 4. Nxd4 Nc6 5. Nc3 g6 6. Be3 a6 7. Qd2 Bg7 8. 0-0-0 Bd7 9. f3 b5 10. Nd5 Ne5 11. Nb3 Nc4 12. Bxc4 bxc4 13. Na5 c3 14. bxc3 Qxa5 15. Bb6 Qa3+ 16. Kb1 Rc8 17. Nc7+ Rxc7 18. Bxc7 Bxc3 0-1

[Event "LSS ZI-2009-0-00439"]
[Site "LSS email"]
[Date "2009.06.11"]
[Round "?"]
[White "Ben Younes, Djamel"]
[Black "Erdos, Viktor"]
[Result "1-0"]
[WhiteElo "1675"]
[BlackElo "1200"]
[PlyCount "25"]
[EventDate "2009.05.29"]
[EventType "match (corr)"]
[EventRounds "2"]
[EventCountry "GER"]
[SourceTitle "Corr 2013"]
[Source "ChessBase"]
[SourceDate "2012.11.12"]
[SourceVersion "1"]
[SourceVersionDate "2012.11.12"]
[SourceQuality "1"]

1. e4 e5 2. Nf3 Nc6 3. Bc4 Nf6 4. Ng5 d5 5. exd5 Nxd5 6. d4 exd4 7. 0-0 h6 8. Nxf7 Kxf7 9. Qf3+ Ke6 10. Re1+ Ne5 11. Bf4 c6 12. Rxe5+ Kf7 13. Bg5+ 1-0

[Event "LSS ZI-2009-0-00439"]
[Site "LSS email"]
[Date "2009.06.11"]
[Round "?"]
[White "Erdos, Viktor"]
[Black "Ben Younes, Djamel"]
[Result "0-1"]
[WhiteElo "1200"]
[BlackElo "1768"]
[PlyCount "36"]
[EventDate "2009.05.29"]
[EventType "match (corr)"]
[EventRounds "2"]
[EventCountry "GER"]
[SourceTitle "Corr 2011"]
[Source "ChessBase"]
[SourceDate "2010.08.31"]
[SourceVersion "1"]
[SourceVersionDate "2010.08.31"]
[SourceQuality "1"]

1. e4 Nc6 2. d4 e5 3. d5 Nce7 4. Nf3 Ng6 5. Bd3 Nf6 6. Bg5 Bc5 7. 0-0 h6 8. Bxf6 Qxf6 9. Nbd2 Nf4 10. Nc4 d6 11. Ncd2 c6 12. dxc6 bxc6 13. Bc4 Rb8 14. Rb1 0-0 15. Nb3 Rd8 16. Qc1 Rb4 17. Bd3 Bh3 18. gxh3 Qg6+ 0-1

[Event "LSS RC-2009-0-00024"]
[Site "LSS email"]
[Date "2009.04.26"]
[Round "?"]
[White "Ben Younes, Djamel"]
[Black "Henke, Simon"]
[Result "1/2-1/2"]
[WhiteElo "1675"]
[BlackElo "1701"]
[PlyCount "83"]
[EventDate "2009.02.09"]
[EventType "tourn (corr)"]
[EventRounds "6"]
[EventCountry "GER"]
[SourceTitle "Corr 2011"]
[Source "ChessBase"]
[SourceDate "2010.08.31"]
[SourceVersion "1"]
[SourceVersionDate "2010.08.31"]
[SourceQuality "1"]

1. Nf3 Nf6 2. c4 e6 3. Nc3 d5 4. d4 c6 5. e3 Nbd7 6. Bd3 dxc4 7. Bxc4 b5 8. Bd3 a6 9. e4 c5 10. d5 c4 11. Bc2 Qc7 12. dxe6 fxe6 13. 0-0 Be7 14. Nd4 Nc5 15. f4 b4 16. e5 bxc3 17. exf6 Bxf6 18. bxc3 0-0 19. Ba3 Rd8 20. Bxh7+ Kxh7 21. Qh5+ Kg8 22. Bxc5 Bb7 23. Rab1 Be4 24. Rbe1 Rd5 25. Qe2 Qxc5 26. Qxe4 Bxd4+ 27. cxd4 Qxd4+ 28. Qxd4 Rxd4 29. Rxe6 Rd2 30. Rfe1 Rxa2 31. h4 Rc8 32. Re8+ Rxe8 33. Rxe8+ Kf7 34. Rc8 Rc2 35. Rc7+ Kf6 36. h5 a5 37. g4 a4 38. g5+ Kf5 39. h6 gxh6 40. gxh6 a3 41. h7 Rc1+ 42. Kg2 1/2-1/2

[Event "LSS RC-2009-0-00024"]
[Site "LSS email"]
[Date "2009.04.26"]
[Round "?"]
[White "Dehaybe, Andre"]
[Black "Ben Younes, Djamel"]
[Result "1/2-1/2"]
[WhiteElo "1703"]
[BlackElo "1675"]
[PlyCount "108"]
[EventDate "2009.02.09"]
[EventType "tourn (corr)"]
[EventRounds "6"]
[EventCountry "GER"]
[SourceTitle "Corr 2011"]
[Source "ChessBase"]
[SourceDate "2010.08.31"]
[SourceVersion "1"]
[SourceVersionDate "2010.08.31"]
[SourceQuality "1"]

1. e4 c5 2. Nf3 d6 3. d4 cxd4 4. Nxd4 Nf6 5. Nc3 a6 6. f3 e5 7. Nb3 Be6 8. Be3 Be7 9. Qd2 Nbd7 10. g4 0-0 11. 0-0-0 b5 12. g5 b4 13. gxf6 bxc3 14. Qxc3 Nxf6 15. Na5 Rc8 16. Nc6 Qc7 17. Nxe7+ Qxe7 18. Qa5 Rc6 19. Kb1 Rfc8 20. Rg1 Rxc2 21. Bxa6 R8c6 22. Bb7 Rxb2+ 23. Kxb2 Qxb7+ 24. Ka1 Kf8 25. Rb1 Qa6 26. Qxa6 Rxa6 27. Rb8+ Ne8 28. Rb2 h6 29. Re1 Ra4 30. Bd2 g5 31. Re3 Ke7 32. Rb7+ Kf6 33. a3 Kg6 34. Bb4 Ra6 35. Rd3 f5 36. Rd2 f4 37. Re7 Bf7 38. h3 h5 39. Rd7 Be6 40. Rd8 Kf7 41. Rh2 Ke7 42. Rb8 Bd7 43. Kb2 Nf6 44. Rh1 Kf7 45. Rb7 g4 46. hxg4 hxg4 47. fxg4 Kg6 48. g5 Bc6 49. Re7 Bxe4 50. Rg1 Nd5 51. Re6+ Kf5 52. Rh6 f3 53. g6 Nxb4 54. axb4 Bd5 1/2-1/2

[Event "LSS OP-2009-0-00821"]
[Site "LSS email"]
[Date "2009.04.20"]
[Round "?"]
[White "Schalkwijk, Peter H"]
[Black "Ben Younes, Djamel"]
[Result "0-1"]
[WhiteElo "1513"]
[BlackElo "1675"]
[PlyCount "72"]
[EventDate "2009.04.17"]
[EventType "tourn (corr)"]
[EventRounds "4"]
[EventCountry "GER"]
[SourceTitle "Corr 2011"]
[Source "ChessBase"]
[SourceDate "2010.08.31"]
[SourceVersion "1"]
[SourceVersionDate "2010.08.31"]
[SourceQuality "1"]

1. e4 c5 2. Nc3 d6 3. g3 g6 4. Bg2 Bg7 5. d3 Nc6 6. Be3 Qa5 7. Qd2 Nf6 8. Nge2 Ng4 9. h3 Nxe3 10. Qxe3 Nd4 11. Qd2 Nxe2 12. Kxe2 e6 13. Rhe1 Rb8 14. Qf4 Qb6 15. Na4 Qc7 16. Kf1 0-0 17. Nc3 b5 18. Kg1 b4 19. Nd1 Rb6 20. Rb1 Ra6 21. Ra1 Ra4 22. Kh1 Ba6 23. Re2 Rb8 24. Bf1 b3 25. a3 c4 26. Rd2 c3 27. cxb3 Be5 28. Qe3 Bd4 29. Qf4 e5 30. Qg5 cxd2 31. bxa4 Qc2 32. Be2 h6 33. Qxh6 Bxd3 34. Bxd3 Qxd3 35. Kh2 Qe2 36. Qh4 Bxf2 0-1

[Event "CFriend RI-2005-0-00035 email"]
[Site "Chessfriend.com"]
[Date "2005.06.15"]
[Round "1"]
[White "Ben Younes, Djamel"]
[Black "Paletta, Horacio"]
[Result "1/2-1/2"]
[WhiteElo "1675"]
[BlackElo "1644"]
[PlyCount "43"]
[EventDate "2005.??.??"]
[EventType "tourn (corr)"]
[EventRounds "6"]
[SourceTitle "Corr 2008"]
[Source "ChessBase"]
[SourceDate "2008.06.24"]
[SourceVersion "1"]
[SourceVersionDate "2008.06.24"]
[SourceQuality "1"]

1. e4 e5 2. Nf3 Nc6 3. Bb5 Bc5 4. 0-0 Nd4 5. Nxd4 Bxd4 6. c3 Bb6 7. d4 c6 8. Bc4 d6 9. a4 Nf6 10. Bg5 0-0 11. a5 Bc7 12. Qf3 h6 13. Bxf6 Qxf6 14. Qxf6 gxf6 15. Nd2 f5 16. f3 Bd7 17. b4 b5 18. Bd3 Rfe8 19. exf5 exd4 20. cxd4 Re3 21. Bc2 d5 22. Nb3 1/2-1/2

[Event "CFriend RI-2005-0-00035 email"]
[Site "Chessfriend.com"]
[Date "2005.06.15"]
[Round "1"]
[White "Ben Younes, Djamel"]
[Black "Starace, Umberto"]
[Result "1/2-1/2"]
[WhiteElo "1675"]
[BlackElo "1960"]
[PlyCount "69"]
[EventDate "2005.??.??"]
[EventType "tourn (corr)"]
[EventRounds "6"]
[SourceTitle "Corr 2008"]
[Source "ChessBase"]
[SourceDate "2008.06.24"]
[SourceVersion "1"]
[SourceVersionDate "2008.06.24"]
[SourceQuality "1"]

1. e4 e5 2. Nf3 Nc6 3. Bc4 Nf6 4. d4 exd4 5. 0-0 Nxe4 6. Re1 d5 7. Bxd5 Qxd5 8. Nc3 Qa5 9. Nxe4 Be6 10. Bg5 h6 11. Bf4 0-0-0 12. Ned2 Qf5 13. Bg3 Be7 14. Ne5 Nxe5 15. Rxe5 Qg6 16. Ne4 Rd5 17. Qd3 h5 18. f3 Rhd8 19. Re1 h4 20. Bf4 Rxe5 21. Bxe5 Bf8 22. Bf4 h3 23. g4 Bb4 24. Rd1 Be7 25. Re1 Bh4 26. Re2 Bd5 27. b3 Kb8 28. Qb5 f5 29. Qc5 Qf7 30. Ng5 Bxg5 31. Bxg5 Rd7 32. Re7 Rxe7 33. Qxe7 Qxe7 34. Bxe7 Bxf3 35. gxf5 1/2-1/2